| 000 | 00400nam a2200169Ia 4500 | ||
|---|---|---|---|
| 005 | 20240823042510.0 | ||
| 008 | 240823s9999||||xx |||||||||||||| ||und|| | ||
| 041 | _aENGLISH | ||
| 082 | _A5.133 | ||
| 100 | _aTata Infotech | ||
| 245 | 0 | _aJava Programming Vol 2 | |
| 250 | _a1st | ||
| 260 | _bTata Infotech Educ | ||
| 500 | _aTRANSFERED | ||
| 650 |
_aJAVA _bInformation Technology |
||
| 942 | _cBK | ||
| 999 |
_c208007 _d208007 |
||